000
00290nam a22001337a 4500
003
SGT
082
_a
616.24
_b
E15M
100
_a
MORRISON, ROGER
245
_a
THE ESSENCE OF VARIOUS GROUPS
260
_a
INDIA
_b
B.JAIN PUB
_c
2015
300
_a
290
650
_a
HOMEOPATHIC
942
_2
ddc
_c
BK
999
_c
20407
_d
20407